[Event "MDA-ch"]
[Site "Kishinev"]
[Date "2019.02.01"]
[Round "3"]
[White "Zajarnyi, Anatolyi"]
[Black "Svetushkin, Dmitry"]
[Result "1-0"]
[WhiteElo "2287"]
[BlackElo "2605"]
[PlyCount "121"]
[EventDate "2019.01.30"]
[EventType "tourn"]
[EventRounds "9"]
[EventCountry "MDA"]
[EventCategory "6"]
[SourceTitle "CBM 188 Extra"]
[Source "ChessBase"]
[SourceDate "2019.02.28"]
[SourceVersion "1"]
[SourceVersionDate "2019.02.28"]
[SourceQuality "1"]

1. Nf3 d5 2. d4 Nf6 3. b3 c5 4. e3 cxd4 5. exd4 Nc6 6. Bb2 Bf5 7. Bd3 Bxd3 8. Qxd3 e6 9. 0-0 Be7 10. Ne5 0-0 11. Nxc6 bxc6 12. c4 Ne4 13. Nc3 Nxc3 14. Bxc3 a5 15. c5 Qd7 16. Rfe1 Bd8 17. Re3 Bc7 18. Rae1 Rae8 19. Rh3 g6 20. Qd2 a4 21. b4 f6 22. f4 Re7 23. Rf3 Rfe8 24. Qb2 Qc8 25. b5 cxb5 26. Qxb5 Qa8 27. g3 Rb8 28. Qd3 a3 29. Rfe3 Kf7 30. h4 Qa4 31. Kg2 Bd8 32. Qe2 Qc6 33. h5 Bc7 34. hxg6+ hxg6 35. f5 gxf5 36. Qh5+ Kg7 37. Rh1 Rg8 38. Bd2 Kf8 39. Rxa3 Rf7 40. Re1 Ke7 41. Qxf5 e5 42. dxe5 d4+ 43. Rf3 Kd8 44. Qe4 Qxe4 45. Rxe4 f5 46. Rxd4+ Ke7 47. Bf4 Ra8 48. a4 Ra5 49. Rc4 Ke6 50. Rd3 Bxe5 51. Bxe5 Kxe5 52. c6 Raa7 53. Kf3 Rfc7 54. Rc5+ Ke6 55. a5 Ra8 56. Kf4 Ra6 57. Re5+ Kf6 58. Rd6+ Kf7 59. Rd7+ Rxd7 60. cxd7 Rd6 61. a6 1-0

[Event "Lvov Vasylyshyn Memorial IM 10th"]
[Site "Lvov"]
[Date "2013.11.25"]
[Round "7"]
[White "Neugebauer, Martin"]
[Black "Zajarnyi, Anatolyi"]
[Result "1-0"]
[WhiteElo "2198"]
[BlackElo "2285"]
[PlyCount "105"]
[EventDate "2013.11.19"]
[EventType "tourn"]
[EventRounds "9"]
[EventCountry "UKR"]
[EventCategory "1"]
[SourceTitle "CBM 157 Extra"]
[Source "ChessBase"]
[SourceDate "2013.12.19"]
[SourceVersion "1"]
[SourceVersionDate "2013.12.19"]
[SourceQuality "1"]

1. e4 Nc6 2. Nf3 d6 3. d4 Nf6 4. Nc3 g6 5. h3 Bg7 6. Be3 0-0 7. Qd2 e5 8. d5 Ne7 9. 0-0-0 Ne8 10. Bh6 f5 11. Bxg7 Kxg7 12. exf5 gxf5 13. g4 Nf6 14. gxf5 Bxf5 15. Nh4 Qd7 16. Rg1+ Kh8 17. f4 exf4 18. Qxf4 Ng6 19. Nxg6+ Bxg6 20. Bd3 Bxd3 21. Rxd3 Rae8 22. Qd4 a6 23. Rf3 Re5 24. b3 Qe7 25. Kb2 Rg8 26. Rgf1 Rg6 27. Qa7 b5 28. a3 Kg7 29. Qxa6 Nxd5 30. Qxb5 Nxc3 31. Rf7+ Kh6 32. Qc4 Qg5 33. Qxc3 Rc5 34. Qh8 Qe5+ 35. Qxe5 dxe5 36. R1f3 e4 37. Rc3 Rxc3 38. Kxc3 c5 39. Re7 Rg3+ 40. Kc4 e3 41. Kxc5 Rxh3 42. Kd4 Kg5 43. Rxe3 Rh1 44. c4 h5 45. c5 h4 46. c6 Rc1 47. Kd5 Kg4 48. Kd6 h3 49. Rxh3 Kxh3 50. c7 Rc3 51. b4 Rd3+ 52. Kc6 Rc3+ 53. Kb7 1-0

[Event "Lvov Vasylyshyn Memorial IM 10th"]
[Site "Lvov"]
[Date "2013.11.21"]
[Round "3"]
[White "Zajarnyi, Anatolyi"]
[Black "Sychevskyy, Andriy"]
[Result "1-0"]
[WhiteElo "2285"]
[BlackElo "2159"]
[PlyCount "79"]
[EventDate "2013.11.19"]
[EventType "tourn"]
[EventRounds "9"]
[EventCountry "UKR"]
[EventCategory "1"]
[SourceTitle "CBM 157 Extra"]
[Source "ChessBase"]
[SourceDate "2013.12.19"]
[SourceVersion "1"]
[SourceVersionDate "2013.12.19"]
[SourceQuality "1"]

1. f4 e5 2. e4 exf4 3. Nf3 d6 4. d4 g5 5. h4 g4 6. Ng1 Qf6 7. Nc3 Ne7 8. Nge2 Bh6 9. g3 fxg3 10. Nxg3 Bxc1 11. Rxc1 Nbc6 12. Nce2 Bd7 13. h5 0-0-0 14. Bg2 Qg5 15. Qd2 Qxd2+ 16. Kxd2 f5 17. Rcf1 Rhf8 18. c3 Rf6 19. Rf4 Ne5 20. b3 Nf7 21. Rhf1 Nh6 22. d5 Rg8 23. exf5 Nhxf5 24. Be4 Rgf8 25. Kd3 R6f7 26. c4 Nh6 27. Bxh7 Rxf4 28. Rxf4 Rxf4 29. Nxf4 Nf7 30. Ke3 Kd8 31. Nd3 Ke8 32. Kf4 Kf8 33. Bg6 Kg7 34. Bxf7 Kxf7 35. Nf2 c6 36. dxc6 bxc6 37. Nxg4 Bxg4 38. Kxg4 d5 39. Nf5 Ng8 40. Kg5 1-0

[Event "Chervonograd 9th"]
[Site "Chervonograd"]
[Date "2013.11.17"]
[Round "12"]
[White "Osmak, Iulija"]
[Black "Zajarnyi, Anatolyi"]
[Result "0-1"]
[WhiteElo "2197"]
[BlackElo "2285"]
[PlyCount "98"]
[EventDate "2013.11.11"]
[EventType "tourn"]
[EventRounds "13"]
[EventCountry "UKR"]
[EventCategory "1"]
[SourceTitle "CBM 157 Extra"]
[Source "ChessBase"]
[SourceDate "2013.12.19"]
[SourceVersion "1"]
[SourceVersionDate "2013.12.19"]
[SourceQuality "1"]

1. e4 Nc6 2. Nf3 d6 3. d4 Nf6 4. Nc3 g6 5. d5 Nb8 6. Bc4 Bg7 7. 0-0 Bg4 8. h3 Bxf3 9. Qxf3 Nbd7 10. Qe3 0-0 11. f4 Nb6 12. Be2 c6 13. Rd1 Qc7 14. dxc6 bxc6 15. Qd3 d5 16. exd5 Nfxd5 17. Nxd5 cxd5 18. c3 e6 19. Rb1 Rab8 20. Rf1 Rfc8 21. Kh1 Nc4 22. Rf3 Qa5 23. a3 Qb6 24. b4 Qc7 25. Qd1 Rb6 26. Bxc4 Qxc4 27. Bd2 Qc7 28. Be3 Rc6 29. Bc5 Bf8 30. Bxf8 Kxf8 31. Qd4 Kg8 32. Rd1 Rc4 33. Qf2 Qb6 34. Qb2 Re4 35. f5 exf5 36. Rxd5 Re1+ 37. Kh2 Qc7+ 38. g3 Rce8 39. Rd2 h5 40. h4 R8e4 41. Kg2 f4 42. c4 fxg3 43. Qf6 R4e2+ 44. Rxe2 Rxe2+ 45. Kg1 Qxc4 46. Qd8+ Kh7 47. Qd1 Qe6 48. Rxf7+ Kg8 49. Qf1 Qe3+ 0-1

[Event "Chervonograd 9th"]
[Site "Chervonograd"]
[Date "2013.11.14"]
[Round "6"]
[White "Punin, Andrii"]
[Black "Zajarnyi, Anatolyi"]
[Result "1/2-1/2"]
[WhiteElo "2231"]
[BlackElo "2285"]
[PlyCount "83"]
[EventDate "2013.11.11"]
[EventType "tourn"]
[EventRounds "13"]
[EventCountry "UKR"]
[EventCategory "1"]
[SourceTitle "CBM 157 Extra"]
[Source "ChessBase"]
[SourceDate "2013.12.19"]
[SourceVersion "1"]
[SourceVersionDate "2013.12.19"]
[SourceQuality "1"]

1. e4 Nc6 2. Nf3 d6 3. d4 Nf6 4. c3 g6 5. Bd3 Bg7 6. 0-0 0-0 7. h3 e5 8. Re1 Re8 9. a3 d5 10. dxe5 dxe4 11. exf6 Bxf6 12. Be2 exf3 13. Bxf3 Qxd1 14. Rxd1 Ne5 15. Be2 Be6 16. Nd2 Bg7 17. Nf3 Bb3 18. Re1 Nxf3+ 19. gxf3 Bc4 20. Be3 Bxe2 21. Rxe2 Rad8 22. Rae1 Bf8 23. Bd4 Rxe2 24. Rxe2 f5 25. Be5 c6 26. Kg2 Kf7 27. Bf4 b5 28. Be3 a5 29. Bb6 Ra8 30. Rc2 c5 31. c4 b4 32. a4 Ra6 33. Bc7 Bd6 34. Bxd6 Rxd6 35. Re2 Rd4 36. b3 Kf6 37. Re8 Rd3 38. Rc8 Rxb3 39. Rxc5 Rc3 40. Rxa5 Rxc4 41. Rb5 b3 42. Rxb3 1/2-1/2

[Event "Mukachevo Rating 20th"]
[Site "Mukachevo"]
[Date "2013.11.05"]
[Round "1"]
[White "Malyi, Viacheslav"]
[Black "Zajarnyi, Anatolyi"]
[Result "1/2-1/2"]
[WhiteElo "2250"]
[BlackElo "2285"]
[PlyCount "35"]
[EventDate "2013.11.05"]
[EventType "tourn"]
[EventRounds "9"]
[EventCountry "UKR"]
[EventCategory "2"]
[SourceTitle "CBM 157 Extra"]
[Source "ChessBase"]
[SourceDate "2013.12.19"]
[SourceVersion "1"]
[SourceVersionDate "2013.12.19"]
[SourceQuality "1"]

1. e4 Nc6 2. Nc3 e6 3. d4 d5 4. Nf3 Nf6 5. exd5 exd5 6. Bb5 Bb4 7. 0-0 0-0 8. Bxc6 bxc6 9. Ne5 Bxc3 10. bxc3 Ne4 11. Nxc6 Qd6 12. Ne5 f6 13. Nd3 Nxc3 14. Qe1 Qc6 15. Nc5 Ne4 16. Qb4 Nxc5 17. Qxc5 Qxc5 18. dxc5 1/2-1/2

[Event "Zhovkva Royal Residence Cup 4th"]
[Site "Zhovkva"]
[Date "2013.08.17"]
[Round "2"]
[White "Zajarnyi, Anatolyi"]
[Black "Enkhnar, Enkhbaatar"]
[Result "1/2-1/2"]
[WhiteElo "2288"]
[BlackElo "2235"]
[PlyCount "93"]
[EventDate "2013.08.16"]
[EventType "tourn"]
[EventRounds "9"]
[EventCountry "UKR"]
[EventCategory "1"]
[SourceTitle "CBM 156 Extra"]
[Source "ChessBase"]
[SourceDate "2013.10.22"]
[SourceVersion "1"]
[SourceVersionDate "2013.10.22"]
[SourceQuality "1"]

1. e4 c5 2. f4 d5 3. Nc3 d4 4. Nce2 Nc6 5. Ng3 Nf6 6. Bc4 h5 7. e5 Bg4 8. Nf3 Nd5 9. h3 Be6 10. d3 h4 11. Ne4 b5 12. Bb3 Qb6 13. f5 Ne3 14. Bxe3 Bxb3 15. axb3 dxe3 16. c3 g6 17. fxg6 fxg6 18. Qe2 Rh5 19. Qxe3 Nxe5 20. b4 Bh6 21. bxc5 Qd8 22. Qe2 Qxd3 23. Rd1 Qxe2+ 24. Kxe2 Nc4 25. Rd4 Bg7 26. Rdd1 Nxb2 27. Rb1 Na4 28. Rxb5 a6 29. Rb3 Nxc5 30. Nxc5 Rxc5 31. Nxh4 Re5+ 32. Kf2 Bf6 33. Nf3 Rc5 34. Rc1 Rac8 35. Ra3 Bxc3 36. Rxa6 Bd4+ 37. Nxd4 Rxc1 38. Rxg6 Kf7 39. Ra6 R8c4 40. Nf3 Rf4 41. Kg3 Rf6 42. Ne5+ Kg7 43. Ra4 Rf5 44. Re4 e6 45. Ng4 Rc6 46. Ne3 Rf6 47. h4 1/2-1/2

[Event "Horodok 800 Years"]
[Site "Horodok"]
[Date "2013.02.17"]
[Round "9"]
[White "Zajarnyi, Anatolyi"]
[Black "Grekh, Andrey"]
[Result "1/2-1/2"]
[WhiteElo "2305"]
[BlackElo "2373"]
[PlyCount "29"]
[EventDate "2013.02.11"]
[EventType "tourn"]
[EventRounds "9"]
[EventCountry "UKR"]
[EventCategory "1"]
[SourceTitle "EXT 2014"]
[Source "ChessBase"]
[SourceDate "2013.11.20"]
[SourceVersion "1"]
[SourceVersionDate "2013.11.20"]
[SourceQuality "1"]

1. Nf3 c5 2. e4 d6 3. d4 cxd4 4. Nxd4 Nf6 5. Nc3 a6 6. Be3 Nc6 7. f3 e6 8. Qd2 Be7 9. 0-0-0 0-0 10. g4 Nxd4 11. Bxd4 Nd7 12. h4 b5 13. g5 Qc7 14. Kb1 b4 15. Na4 1/2-1/2

[Event "Horodok 800 Years"]
[Site "Horodok"]
[Date "2013.02.15"]
[Round "6"]
[White "Terletsky, Oleg"]
[Black "Zajarnyi, Anatolyi"]
[Result "1-0"]
[WhiteElo "2250"]
[BlackElo "2305"]
[PlyCount "51"]
[EventDate "2013.02.11"]
[EventType "tourn"]
[EventRounds "9"]
[EventCountry "UKR"]
[EventCategory "1"]
[SourceTitle "EXT 2014"]
[Source "ChessBase"]
[SourceDate "2013.11.20"]
[SourceVersion "1"]
[SourceVersionDate "2013.11.20"]
[SourceQuality "1"]

1. e4 d6 2. d4 Nf6 3. Nc3 e5 4. Nf3 Nbd7 5. Bc4 Be7 6. 0-0 0-0 7. Re1 c6 8. a4 a5 9. Ba2 exd4 10. Nxd4 Nc5 11. Bg5 Qb6 12. Qf3 Bg4 13. Qg3 Rae8 14. Nb3 Be6 15. Be3 Bxb3 16. Bxb3 Nfd7 17. Rad1 Kh8 18. Bd4 f6 19. Re3 Qb4 20. Na2 Qb6 21. Rdd3 Qc7 22. Qg6 Nxb3 23. Rh3 h6 24. Rxh6+ Kg8 25. Rh7 Rf7 26. Rdh3 1-0

[Event "Lvov Vasylyshyn Memorial IM 9th"]
[Site "Lvov"]
[Date "2012.11.28"]
[Round "9"]
[White "Biriukov, Nikolai"]
[Black "Zajarnyi, Anatolyi"]
[Result "1/2-1/2"]
[WhiteElo "2402"]
[BlackElo "2324"]
[PlyCount "29"]
[EventDate "2012.11.20"]
[EventType "tourn"]
[EventRounds "9"]
[EventCountry "UKR"]
[EventCategory "2"]
[SourceTitle "CBM 151 Extra"]
[Source "ChessBase"]
[SourceDate "2012.12.18"]
[SourceVersion "1"]
[SourceVersionDate "2012.12.18"]
[SourceQuality "1"]

1. d4 Nf6 2. c4 e6 3. Nc3 d5 4. cxd5 exd5 5. Bg5 Be7 6. e3 c6 7. Bd3 0-0 8. Qc2 Nbd7 9. Nf3 Re8 10. 0-0 Ne4 11. Bxe7 Qxe7 12. Rae1 f5 13. a3 Kh8 14. Re2 b6 15. Nd2 1/2-1/2

[Event "Lvov Vasylyshyn Memorial IM 9th"]
[Site "Lvov"]
[Date "2012.11.26"]
[Round "7"]
[White "Nester, Ihor"]
[Black "Zajarnyi, Anatolyi"]
[Result "1/2-1/2"]
[WhiteElo "2328"]
[BlackElo "2324"]
[PlyCount "28"]
[EventDate "2012.11.20"]
[EventType "tourn"]
[EventRounds "9"]
[EventCountry "UKR"]
[EventCategory "2"]
[SourceTitle "CBM 151 Extra"]
[Source "ChessBase"]
[SourceDate "2012.12.18"]
[SourceVersion "1"]
[SourceVersionDate "2012.12.18"]
[SourceQuality "1"]

1. Nf3 d5 2. d4 Nf6 3. c4 c6 4. e3 e6 5. Nc3 Nbd7 6. Qc2 Bd6 7. Bd3 0-0 8. 0-0 dxc4 9. Bxc4 e5 10. dxe5 Nxe5 11. Nxe5 Bxe5 12. h3 Qe7 13. Bd2 Be6 14. Bxe6 Qxe6 1/2-1/2

[Event "Lvov Vasylyshyn Memorial IM 9th"]
[Site "Lvov"]
[Date "2012.11.25"]
[Round "6"]
[White "Zajarnyi, Anatolyi"]
[Black "Terletsky, Oleg"]
[Result "1-0"]
[WhiteElo "2324"]
[BlackElo "2259"]
[PlyCount "107"]
[EventDate "2012.11.20"]
[EventType "tourn"]
[EventRounds "9"]
[EventCountry "UKR"]
[EventCategory "2"]
[SourceTitle "CBM 151 Extra"]
[Source "ChessBase"]
[SourceDate "2012.12.18"]
[SourceVersion "1"]
[SourceVersionDate "2012.12.18"]
[SourceQuality "1"]

1. Nf3 Nf6 2. b3 d5 3. Bb2 Bf5 4. e3 h6 5. d4 e6 6. Bd3 Bd6 7. 0-0 Nbd7 8. Bxf5 exf5 9. Qd3 g6 10. c4 c6 11. Nc3 0-0 12. cxd5 cxd5 13. Nb5 Be7 14. Ba3 Bxa3 15. Nxa3 a6 16. Rfc1 Qe7 17. Nc2 Rac8 18. Nce1 Qa3 19. Qd1 Ne4 20. Nd3 Ndf6 21. Rc2 Rc3 22. Qc1 Qxc1+ 23. Raxc1 Rxd3 24. Ne5 Rd2 25. Rxd2 Nxd2 26. f3 b5 27. Rc6 Kg7 28. Rxa6 Nb1 29. Kf2 g5 30. Ke2 g4 31. Kd3 b4 32. Nc6 Rc8 33. Nxb4 Rc1 34. Rc6 Rh1 35. a4 Rxh2 36. Rc2 g3 37. Rb2 Na3 38. Kc3 h5 39. Nd3 h4 40. Nf4 Rh1 41. Ra2 Nb1+ 42. Kb4 Rf1 43. Rb2 Ng4 44. fxg4 fxg4 45. a5 h3 46. gxh3 Rxf4 47. hxg4 Rf2 48. Rxb1 g2 49. Rg1 Ra2 50. Kb5 f5 51. gxf5 Kf6 52. b4 Kxf5 53. Ka6 Ke4 54. b5 1-0

[Event "Chervonograd 8th"]
[Site "Chervonograd"]
[Date "2012.11.19"]
[Round "11"]
[White "Zajarnyi, Anatolyi"]
[Black "Doluhanova, Evgeniya"]
[Result "1/2-1/2"]
[WhiteElo "2324"]
[BlackElo "2287"]
[PlyCount "26"]
[EventDate "2012.11.14"]
[EventType "tourn"]
[EventRounds "11"]
[EventCountry "UKR"]
[EventCategory "2"]
[SourceTitle "CBM 151 Extra"]
[Source "ChessBase"]
[SourceDate "2012.12.18"]
[SourceVersion "1"]
[SourceVersionDate "2012.12.18"]
[SourceQuality "1"]

1. e4 c5 2. Nf3 d6 3. d4 cxd4 4. Nxd4 Nf6 5. Nc3 a6 6. Be2 e5 7. Nb3 Be7 8. 0-0 0-0 9. f4 exf4 10. Bxf4 Nc6 11. Kh1 Ne5 12. Nd4 Ng6 13. Bg3 Ne5 1/2-1/2

[Event "Chervonograd 8th"]
[Site "Chervonograd"]
[Date "2012.11.17"]
[Round "6"]
[White "Sychevskyy, Andriy"]
[Black "Zajarnyi, Anatolyi"]
[Result "1-0"]
[WhiteElo "2050"]
[BlackElo "2324"]
[PlyCount "99"]
[EventDate "2012.11.14"]
[EventType "tourn"]
[EventRounds "11"]
[EventCountry "UKR"]
[EventCategory "2"]
[SourceTitle "CBM 151 Extra"]
[Source "ChessBase"]
[SourceDate "2012.12.18"]
[SourceVersion "1"]
[SourceVersionDate "2012.12.18"]
[SourceQuality "1"]

1. d4 Nc6 2. d5 Ne5 3. f4 Ng6 4. e4 e6 5. dxe6 dxe6 6. Qxd8+ Kxd8 7. Nf3 Nf6 8. Bd3 Bc5 9. Ke2 Bd7 10. a3 a5 11. Nc3 Bc6 12. g3 Ke7 13. Bd2 Rhd8 14. Rhf1 a4 15. e5 Nd7 16. Ne4 Bxe4 17. Bxe4 c6 18. h4 Ngf8 19. g4 Nb6 20. Bd3 h6 21. h5 Nfd7 22. Rh1 f6 23. g5 f5 24. Rh3 Kf7 25. Rg3 Rh8 26. Rh1 Be7 27. Nd4 hxg5 28. Bxf5 exf5 29. e6+ Kg8 30. Nxf5 Bf6 31. fxg5 Re8 32. Re3 Bxg5 33. exd7 Rf8 34. Re8 Bf6 35. Bb4 Nxd7 36. Bxf8 Nxf8 37. Rb8 b5 38. c3 Kh7 39. h6 g5 40. Rb6 Kg6 41. Rxc6 Nd7 42. Ne3 Re8 43. Rf1 g4 44. Kd2 Kg5 45. Rf5+ Kh4 46. Rfxf6 Nxf6 47. Rxf6 g3 48. h7 Rh8 49. Rg6 Rxh7 50. Nf5+ 1-0

[Event "Chervonograd 8th"]
[Site "Chervonograd"]
[Date "2012.11.16"]
[Round "4"]
[White "Zajarnyi, Anatolyi"]
[Black "Sevostianov, Pavel"]
[Result "1/2-1/2"]
[WhiteElo "2324"]
[BlackElo "2279"]
[PlyCount "35"]
[EventDate "2012.11.14"]
[EventType "tourn"]
[EventRounds "11"]
[EventCountry "UKR"]
[EventCategory "2"]
[SourceTitle "CBM 151 Extra"]
[Source "ChessBase"]
[SourceDate "2012.12.18"]
[SourceVersion "1"]
[SourceVersionDate "2012.12.18"]
[SourceQuality "1"]

1. e4 c5 2. Nf3 e6 3. d4 cxd4 4. Nxd4 Nf6 5. Nc3 d6 6. Be2 Be7 7. 0-0 a6 8. a4 Nc6 9. Be3 Bd7 10. f4 Qc7 11. Qe1 0-0 12. Qg3 Rfe8 13. Rad1 Rad8 14. Kh1 d5 15. e5 Nxd4 16. Bxd4 Ne4 17. Nxe4 dxe4 18. Qe3 1/2-1/2

[Event "Mukachevo Rating 15th"]
[Site "Mukachevo"]
[Date "2012.11.13"]
[Round "11"]
[White "Zajarnyi, Anatolyi"]
[Black "Bakunts, Rafael"]
[Result "1/2-1/2"]
[WhiteElo "2304"]
[BlackElo "2276"]
[PlyCount "62"]
[EventDate "2012.11.08"]
[EventType "tourn"]
[EventRounds "11"]
[EventCountry "UKR"]
[EventCategory "1"]
[SourceTitle "EXT 2014"]
[Source "ChessBase"]
[SourceDate "2013.11.20"]
[SourceVersion "1"]
[SourceVersionDate "2013.11.20"]
[SourceQuality "1"]

1. e4 e5 2. Nf3 Nc6 3. Nc3 Nf6 4. g3 Nxe4 5. Nxe4 d5 6. Nc3 d4 7. Bg2 dxc3 8. bxc3 Bd6 9. 0-0 0-0 10. Rb1 Rb8 11. d3 Bd7 12. Re1 Re8 13. Ng5 h6 14. Ne4 Bf8 15. c4 b6 16. Nc3 Bd6 17. Be3 Nd4 18. Bxd4 exd4 19. Rxe8+ Qxe8 20. Nb5 Bxb5 21. cxb5 Qe6 22. Bc6 Qxa2 23. Ra1 Qe6 24. Rxa7 g6 25. Qd2 Kg7 26. Ra1 Qf6 27. Re1 h5 28. h4 Rd8 29. Re4 Bc5 30. Rf4 Qe5 31. Re4 Qf6 1/2-1/2

[Event "Mukachevo Rating 15th"]
[Site "Mukachevo"]
[Date "2012.11.12"]
[Round "9"]
[White "Doluhanova, Evgeniya"]
[Black "Zajarnyi, Anatolyi"]
[Result "1-0"]
[WhiteElo "2289"]
[BlackElo "2304"]
[PlyCount "77"]
[EventDate "2012.11.08"]
[EventType "tourn"]
[EventRounds "11"]
[EventCountry "UKR"]
[EventCategory "1"]
[SourceTitle "EXT 2014"]
[Source "ChessBase"]
[SourceDate "2013.11.20"]
[SourceVersion "1"]
[SourceVersionDate "2013.11.20"]
[SourceQuality "1"]

1. e4 Nc6 2. Nc3 Nf6 3. d4 d5 4. e5 Nd7 5. e6 fxe6 6. f4 e5 7. fxe5 Nb6 8. Bd3 Be6 9. Nf3 Nb4 10. a4 Nxd3+ 11. cxd3 a5 12. 0-0 Qd7 13. Bd2 h6 14. Nh4 Bf7 15. Nb5 e6 16. Qg4 g5 17. Rxf7 Kxf7 18. Rf1+ Kg8 19. Nxc7 Rc8 20. Ng6 Rh7 21. Nxe6 Bg7 22. Qf5 Qe8 23. Bxa5 Rc6 24. Ngf8 Rh8 25. Bb4 Nc8 26. Nxg7 Kxg7 27. e6 Kg8 28. Ng6 Rh7 29. e7 Nxe7 30. Nxe7+ Rxe7 31. Bxe7 Qxe7 32. Qxd5+ Kg7 33. Qe5+ Qxe5 34. dxe5 Rc2 35. b4 Rb2 36. b5 Rb4 37. e6 Rxa4 38. Rf7+ Kg6 39. Rxb7 1-0

[Event "Mukachevo Rating 15th"]
[Site "Mukachevo"]
[Date "2012.11.10"]
[Round "4"]
[White "Tiba, Vladyslav"]
[Black "Zajarnyi, Anatolyi"]
[Result "1-0"]
[WhiteElo "2199"]
[BlackElo "2304"]
[PlyCount "89"]
[EventDate "2012.11.08"]
[EventType "tourn"]
[EventRounds "11"]
[EventCountry "UKR"]
[EventCategory "1"]
[SourceTitle "EXT 2014"]
[Source "ChessBase"]
[SourceDate "2013.11.20"]
[SourceVersion "1"]
[SourceVersionDate "2013.11.20"]
[SourceQuality "1"]

1. e4 Nc6 2. d4 d5 3. e5 Bf5 4. c3 e6 5. Bd3 Nge7 6. Ne2 f6 7. f4 h5 8. 0-0 h4 9. Qc2 Bxd3 10. Qxd3 Nf5 11. Nd2 g5 12. Nf3 g4 13. Ne1 Qd7 14. a4 Na5 15. b4 Nc4 16. a5 0-0-0 17. Nc2 Qh7 18. Rd1 fxe5 19. dxe5 c5 20. Na3 Nxa3 21. Bxa3 c4 22. Qd2 g3 23. h3 Kb8 24. Nd4 Nxd4 25. Qxd4 Qf7 26. Bc1 a6 27. Be3 Rc8 28. Qa7+ Kc7 29. b5 axb5 30. a6 Rb8 31. axb7 Rxb7 32. Qxb7+ Kxb7 33. Ra7+ Kc6 34. Rxf7 b4 35. cxb4 Bxb4 36. Rf6 Re8 37. f5 Bc5 38. Bxc5 Kxc5 39. Rxe6 Rb8 40. Rd6 c3 41. R6xd5+ Kc4 42. R5d4+ Kc5 43. Rd7 Kc6 44. R7d3 Rb3 45. Rc1 1-0